When you think you got it bad... : (Record no. 96981)

MARC details
000 -LEADER
campo de control de longitud fija 00536cam a2200181 i 4500
001 - NÚMERO DE CONTROL
campo de control 113692
005 - FECHA Y HORA DE LA ÚLTIMA TRANSACCIÓN
campo de control 20230410143152.0
008 - DATOS DE LONGITUD FIJA--INFORMACIÓN GENERAL
campo de control de longitud fija 131031s2011 flua g 000 0 eng d
020 ## - NÚMERO INTERNACIONAL ESTÁNDAR DEL LIBRO
Número Internacional Estándar del Libro 9780578082004
041 ## - CÓDIGO DE IDIOMA
Código de lengua del texto/banda sonora o título independiente eng
050 14 - SIGNATURA TOPOGRÁFICA DE LA BIBLIOTECA DEL CONGRESO
Número de clasificación bM478w 2011
100 1# - ENTRADA PRINCIPAL--NOMBRE DE PERSONA
Nombre de persona McNeil, Scott
245 10 - MENCIÓN DEL TÍTULO
Título When you think you got it bad... :
Resto del título the incredible true story of what it takes to get back up when life knocks you down /
Mención de responsabilidad, etc. Scott McNeil.
260 ## - PUBLICACIÓN, DISTRIBUCIÓN, ETC.
Lugar de publicación, distribución, etc. Florida :
Nombre del editor, distribuidor, etc. MBG&A,
Fecha de publicación, distribución, etc. 2011.
300 ## - DESCRIPCIÓN FÍSICA
Extensión xiv, 353p. :
Otras características físicas ill.
942 ## - ELEMENTOS DE ENTRADA SECUNDARIOS (KOHA)
Fuente del sistema de clasificación o colocación Clasificación de Library of Congress
Tipo de ítem Koha
946 ## - PROCESAMIENTO DE INFORMACIÓN LOCAL (OCLC)
a PP
Holdings
Estatus retirado Estado de pérdida Fuente del sistema de clasificación o colocación Estado de daño No para préstamo Colección Biblioteca de origen Biblioteca actual Ubicación en estantería Fecha de adquisición Signatura topográfica completa Código de barras Visto por última vez Copia número Tipo de ítem Koha
    Clasificación de Library of Congress     Automatización y Procesos Técnicos Biblioteca Juan Bosch Biblioteca Juan Bosch Automatización y Procesos Técnicos (1er. Piso) 10/04/2023 M478w 2011 00000106658 21/01/2019 1